| 000 | 00632nam a2200217Ia 4500 | ||
|---|---|---|---|
| 005 | 20241129111454.0 | ||
| 008 | 241129s9999||||xx |||||||||||||| ||und|| | ||
| 020 | _a978-1-6668-8898-0 | ||
| 037 | _aTB | ||
| 040 |
_aCRL _beng _cCRL |
||
| 041 |
_aeng _2eng |
||
| 084 |
_a2:8(D65,8(B)) R2 _qCRL |
||
| 100 |
_aShelton Wilbert Au. _9724514 |
||
| 245 | 0 |
_aDevelopment of Library Management _cShelton Wilbert Au. |
|
| 260 |
_aWilmington, USA _bWilmington Kaufman Press _c2022 |
||
| 300 | _axii,299p. | ||
| 365 |
_aUSD _b185 |
||
| 650 | _aLibrary Science | ||
| 942 |
_cTB _h2:8(D65,8(B)) R2 |
||
| 999 |
_c1230621 _d1230621 |
||